[Event "Montigny le Bretonneux Noel op 18th"]
[Site "Montigny le Bretonneux"]
[Date "2017.12.30"]
[Round "7"]
[White "Fayolle, Guy"]
[Black "Belan, Guillaume"]
[Result "1-0"]
[WhiteElo "1742"]
[BlackElo "1135"]
[PlyCount "77"]
[EventDate "2017.12.26"]
[EventType "swiss"]
[EventRounds "7"]
[EventCountry "FRA"]
[SourceTitle "CBM 182 Extra"]
[Source "ChessBase"]
[SourceDate "2018.02.23"]
[SourceVersion "1"]
[SourceVersionDate "2018.02.23"]
[SourceQuality "1"]

1. e4 g6 2. d4 Bg7 3. Nf3 d6 4. Nc3 Nd7 5. Bc4 Ngf6 6. e5 dxe5 7. dxe5 Ng4 8. e6 Nde5 9. exf7+ Nxf7 10. Bxf7+ Kxf7 11. Ng5+ Ke8 12. Qxd8+ Kxd8 13. Nf7+ Ke8 14. Nxh8 Bxh8 15. Nd5 Kd8 16. Bg5 Bf6 17. Bxf6 exf6 18. h3 Be6 19. hxg4 Bxd5 20. 0-0-0 c6 21. c4 Rc8 22. Kb1 Kc7 23. cxd5 cxd5 24. Rxd5 Re8 25. Rxh7+ Kc6 26. Rhd7 Re6 27. Kc2 Re4 28. Rd2 Re6 29. a4 a6 30. b4 b6 31. Kc3 b5 32. a5 g5 33. R7d3 f5 34. gxf5 Rf6 35. g4 Rh6 36. f3 Rh8 37. f6 Rc8 38. Rd7 Rd8 39. R2d6# 1-0

[Event "Montigny le Bretonneux Noel op 18th"]
[Site "Montigny le Bretonneux"]
[Date "2017.12.29"]
[Round "6"]
[White "Belan, Guillaume"]
[Black "Barbier, Guy"]
[Result "1-0"]
[WhiteElo "1135"]
[BlackElo "1359"]
[PlyCount "115"]
[EventDate "2017.12.26"]
[EventType "swiss"]
[EventRounds "7"]
[EventCountry "FRA"]
[SourceTitle "CBM 182 Extra"]
[Source "ChessBase"]
[SourceDate "2018.02.23"]
[SourceVersion "1"]
[SourceVersionDate "2018.02.23"]
[SourceQuality "1"]

1. Nf3 Nf6 2. d4 d5 3. c4 e6 4. Nc3 Bb4 5. Bd2 0-0 6. e3 c6 7. Bd3 Nbd7 8. 0-0 Nb6 9. c5 Nbd7 10. a3 Bxc3 11. Bxc3 Re8 12. Qe2 b6 13. b4 Bb7 14. e4 dxe4 15. Bxe4 Nxe4 16. Qxe4 Nf6 17. Qe3 Nd5 18. Qd2 Ba6 19. Rfe1 Bc4 20. Ne5 Nxc3 21. Qxc3 Bd5 22. a4 f6 23. Nc4 Rf8 24. Nd6 f5 25. b5 Rf6 26. Re3 f4 27. Re5 Rg6 28. f3 Qc7 29. a5 bxa5 30. Qxa5 Qxa5 31. Rxa5 cxb5 32. Nxb5 Bxf3 33. Kf2 Bd5 34. g3 fxg3+ 35. hxg3 Rf8+ 36. Ke2 Rxg3 37. Kd2 Bc4 38. Ke1 Rg2 39. Kd1 Bb3+ 40. Ke1 Bc4 41. Kd1 a6 42. Nc3 h6 43. Ra4 Rg1+ 44. Re1 Rg4 45. Rxc4 Rd8 46. Ne2 e5 47. Kc2 exd4 48. Kd3 Rc8 49. Nxd4 Rg3+ 50. Re3 Rxe3+ 51. Kxe3 a5 52. c6 g5 53. Ra4 Ra8 54. c7 Rc8 55. Nb5 h5 56. Rxa5 h4 57. Kf3 Kf7 58. Nd6+ 1-0

[Event "Montigny le Bretonneux Noel op 18th"]
[Site "Montigny le Bretonneux"]
[Date "2017.12.29"]
[Round "5"]
[White "Boet, Luc"]
[Black "Belan, Guillaume"]
[Result "1-0"]
[WhiteElo "1512"]
[BlackElo "1135"]
[PlyCount "59"]
[EventDate "2017.12.26"]
[EventType "swiss"]
[EventRounds "7"]
[EventCountry "FRA"]
[SourceTitle "CBM 182 Extra"]
[Source "ChessBase"]
[SourceDate "2018.02.23"]
[SourceVersion "1"]
[SourceVersionDate "2018.02.23"]
[SourceQuality "1"]

1. d4 g6 2. c4 Bg7 3. Nc3 d6 4. e4 Nd7 5. Nge2 c5 6. d5 Qa5 7. Bd2 a6 8. Ng3 Nb6 9. Be2 Nd7 10. 0-0 Qb6 11. Rb1 Ngf6 12. f4 0-0 13. Bf3 Re8 14. Re1 e5 15. dxe6 fxe6 16. e5 Nh5 17. Nxh5 gxh5 18. Be4 Nf8 19. Qxh5 Bd7 20. exd6 Bc6 21. Bxc6 Qxc6 22. Ne4 Qa4 23. Bc3 Nd7 24. Bxg7 Kxg7 25. Ng5 Nf6 26. Qf7+ Kh6 27. Qxf6+ Kh5 28. Nf3 Rg8 29. Re5+ Kg4 30. Qh4# 1-0

[Event "Montigny le Bretonneux Noel op 18th"]
[Site "Montigny le Bretonneux"]
[Date "2017.12.28"]
[Round "3"]
[White "Belan, Pascal"]
[Black "Belan, Guillaume"]
[Result "0-1"]
[WhiteElo "1493"]
[BlackElo "1135"]
[PlyCount "58"]
[EventDate "2017.12.26"]
[EventType "swiss"]
[EventRounds "7"]
[EventCountry "FRA"]
[SourceTitle "CBM 182 Extra"]
[Source "ChessBase"]
[SourceDate "2018.02.23"]
[SourceVersion "1"]
[SourceVersionDate "2018.02.23"]
[SourceQuality "1"]

1. e4 g6 2. d4 Bg7 3. Nc3 d6 4. Bg5 Nd7 5. f4 c5 6. Nf3 cxd4 7. Nxd4 Qa5 8. Qd2 Ngf6 9. Bd3 0-0 10. 0-0 Qc5 11. Qf2 Ng4 12. Ne6 Qxf2+ 13. Rxf2 fxe6 14. Rff1 Bd4+ 15. Kh1 Nf2+ 16. Kg1 Nxd3+ 17. Kh1 Nf2+ 18. Kg1 Nh3+ 19. Kh1 Nxg5 20. fxg5 Rxf1+ 21. Rxf1 Bxc3 22. bxc3 Nc5 23. e5 b6 24. exd6 exd6 25. Rd1 d5 26. c4 Bb7 27. cxd5 Bxd5 28. a3 Rf8 29. h4 Rf4 0-1

[Event "Montigny le Bretonneux Noel op 18th"]
[Site "Montigny le Bretonneux"]
[Date "2017.12.27"]
[Round "1"]
[White "Belan, Guillaume"]
[Black "Benbakir, Ameur"]
[Result "0-1"]
[WhiteElo "1135"]
[BlackElo "1524"]
[PlyCount "152"]
[EventDate "2017.12.26"]
[EventType "swiss"]
[EventRounds "7"]
[EventCountry "FRA"]
[SourceTitle "CBM 182 Extra"]
[Source "ChessBase"]
[SourceDate "2018.02.23"]
[SourceVersion "1"]
[SourceVersionDate "2018.02.23"]
[SourceQuality "1"]

1. Nf3 Nf6 2. d4 g6 3. c4 Bg7 4. Nc3 d6 5. Bf4 Nbd7 6. e4 0-0 7. e5 Nh5 8. Qd2 Nxf4 9. Qxf4 c6 10. Bd3 Qc7 11. exd6 Qxd6 12. Qxd6 exd6 13. 0-0 Nf6 14. b4 Bg4 15. Ne2 Bxf3 16. gxf3 Nh5 17. Rab1 b6 18. d5 cxd5 19. cxd5 Bh6 20. a4 Nf4 21. Nxf4 Bxf4 22. Rfe1 Rfe8 23. Bb5 Re5 24. Rxe5 Bxe5 25. Bc6 Rc8 26. a5 bxa5 27. bxa5 Bd4 28. Kg2 Rc7 29. Rb8+ Kg7 30. a6 Kf6 31. Rb7 Re7 32. Kg3 Re2 33. Rd7 Bxf2+ 34. Kg4 h5+ 35. Kh3 Bc5 36. Rd8 Ra2 37. Bb7 Ra1 38. Re8 Rg1 39. Re4 g5 40. Bc8 Rd1 41. Bb7 Rd4 42. Rxd4 Bxd4 43. Kg3 Be5+ 44. Kg2 Kf5 45. Bc8+ Kf4 46. Bd7 f6 47. h3 h4 48. Bg4 Ke3 49. Bf5 Kd4 50. Be6 Bg3 51. Kf1 Ke3 52. Bg4 Kf4 53. Ke2 f5 54. Bh5 Bh2 55. Bg6 g4 56. fxg4 fxg4 57. hxg4 Kxg4 58. Bf7 Kg3 59. Be6 Bg1 60. Kd3 h3 61. Bxh3 Kxh3 62. Kc4 Kg4 63. Kb5 Kf5 64. Kc4 Ke5 65. Kd3 Kxd5 66. Kc3 Kc5 67. Kd3 d5 68. Kc3 d4+ 69. Kd3 Kb6 70. Ke2 Kxa6 71. Kf1 Be3 72. Ke2 Kb5 73. Kd3 Kb6 74. Kc2 a5 75. Kb2 a4 76. Kb1 d3 0-1